000 01011nam a2200253Ia 4500
003 OSt
005 20221005103513.0
006 a|||||r|||| 00| 0
007 ta
008 221004b |||||||| |||| 00| 0 hin d
024 _a4410
037 _bGift, 24/05/2013,
_cTextual
040 _aCRL
_cCRL
_bhin
041 _2hin
_ahin
082 _aS, 152M3
100 _aउपाध्याय, भवानीशंकर
245 0 _aकार्ल गुस्ताव यूंग
_b विश्लेड्ढणात्मक मनोविज्ञान
246 _aKārla gustāv yūanga: vishleḍḍhaṇātmak manovijnyāna
260 _aजयपुर
_bराजस्थान हिन्दी ग्रन्थ अकादमी भारत
_c1983
300 _a340पृ0
_ccm.
650 _aमनोविज्ञान
942 _hS, 152M3
_cTEXL
_2cc
999 _c1010225
_d1010225